| 000 | 00916nam a2200277 a 4500 | ||
|---|---|---|---|
| 001 | 59434 | ||
| 003 | BD-RjUL | ||
| 005 | 20211209080728.0 | ||
| 008 | 161224s1969 enkbcf b 001 0aeng d | ||
| 020 | _a582127165 | ||
| 035 | _a(BD-RjUL) 59558 | ||
| 040 |
_aBD-RjUL _beng _cBD-RjUL _dBD-RjUL |
||
| 041 | 1 |
_aeng _hfre |
|
| 082 |
_223 _a940.27 _bPAN 1969 |
||
| 100 | 1 |
_aParquin, Denis Charles, _d1786-1845. _9176752 |
|
| 245 | 1 | 0 |
_aNapoleon's army / _cCharles Parquin ; translated and edited by B.T. Jones |
| 260 |
_aLondon : _bLongman, _cc1969 |
||
| 300 |
_axxiv, 200 p. : _bill. ; _c23 cm |
||
| 490 | 0 | _aMilitary memoirs | |
| 504 | _aBibliography: p. 194 | ||
| 600 | 0 | 0 |
_aNapoleon _cEmperor of the French, _d1769-1821. _9176757 |
| 651 | 0 |
_aFrance _xHistory _yConsulate and First Empire, 1799-1815. _9176754 |
|
| 700 | 1 |
_aJones, B. T. _q(Brian Thomas) _9176755 |
|
| 830 |
_aMilitary memoirs _9176758 |
||
| 942 |
_2ddc _cBK |
||
| 999 |
_c59434 _d59434 |
||